Dominik Mysterio's WrestleMania Opponents - Statistics

General Stats
  • This quiz has been taken 30 times
  • The average score is 7 of 8
Answer Stats
WrestleMania Opponent % Correct
Wrestlemania 39 Rey Mysterio
100%
Wrestlemania XL Rey Mysterio
100%
Wrestlemania 41 Bron Breakker
96%
Wrestlemania 41 Finn Bálor
96%
Wrestlemania 41 Penta
92%
Wrestlemania 38 Logan Paul
72%
Wrestlemania 38 The Miz
68%
Wrestlemania XL Andrade
56%
No matching quizzes found
Score Distribution
Percent of People with Each Score
Percentile by Number Answered
Your Score History
You have not taken this quiz